[Event "Baku Summer IM"]
[Site "Baku"]
[Date "2019.07.07"]
[Round "7.1"]
[White "Beydullayeva, Govhar"]
[Black "Afshari, Mohammadparsa"]
[Result "1-0"]
[WhiteElo "2282"]
[BlackElo "1615"]
[PlyCount "49"]
[EventDate "2019.07.03"]
[EventType "team-schev"]
[EventRounds "9"]
[EventCountry "AZE"]
[SourceTitle "EXT 2020"]
[Source "ChessBase"]
[SourceDate "2019.10.17"]
[SourceVersion "1"]
[SourceVersionDate "2019.10.17"]
[SourceQuality "1"]
[WhiteTeam "Soffia II"]
[BlackTeam "Shatranj"]
[WhiteTeamCountry "AZE"]
[BlackTeamCountry "AZE"]

1. c4 e6 2. Nf3 d5 3. g3 Nf6 4. Bg2 Be7 5. d4 0-0 6. 0-0 Nbd7 7. Qc2 b6 8. cxd5 Nxd5 9. a3 Bb7 10. e4 N5f6 11. Nc3 c5 12. Rd1 cxd4 13. Nxd4 Rc8 14. Qe2 e5 15. Nf5 a6 16. Bg5 Qe8 17. Bh3 Rd8 18. Nxe7+ Qxe7 19. Rxd7 Rxd7 20. Bxf6 Qxf6 21. Bxd7 Rd8 22. Bh3 Rd4 23. Bg2 Qe7 24. Nd5 Qc5 25. b4 1-0

[Event "Baku Summer IM"]
[Site "Baku"]
[Date "2019.07.04"]
[Round "2.3"]
[White "Afshari, Mohammadparsa"]
[Black "Manafov, Vugar Gulam"]
[Result "0-1"]
[WhiteElo "1615"]
[BlackElo "2175"]
[PlyCount "76"]
[EventDate "2019.07.03"]
[EventType "team-schev"]
[EventRounds "9"]
[EventCountry "AZE"]
[SourceTitle "CBM 191 Extra"]
[Source "ChessBase"]
[SourceDate "2019.09.30"]
[SourceVersion "1"]
[SourceVersionDate "2019.09.30"]
[SourceQuality "1"]
[WhiteTeam "Shatranj"]
[BlackTeam "Good friends"]
[WhiteTeamCountry "AZE"]
[BlackTeamCountry "AZE"]

1. d4 Nf6 2. Bf4 d5 3. e3 c5 4. Nf3 Nc6 5. Be2 Qb6 6. Nc3 a6 7. Rb1 cxd4 8. exd4 Bf5 9. a3 e6 10. 0-0 Be7 11. h3 h6 12. Re1 0-0 13. Bd3 Bxd3 14. Qxd3 Rac8 15. Ne5 Nxe5 16. Bxe5 Nd7 17. Bg3 Bd6 18. Bxd6 Qxd6 19. Ne2 Nf6 20. c3 b5 21. Ng3 Qb8 22. a4 bxa4 23. Qxa6 Qb3 24. Rec1 Ra8 25. Qd6 Rfb8 26. f3 a3 27. bxa3 Qxb1 28. Rxb1 Rxb1+ 29. Kf2 Rb3 30. Qc6 Raxa3 31. Ne2 Rb2 32. Ke3 Raa2 33. Nc1 Ra3 34. Ne2 Rc2 35. Qc8+ Kh7 36. Qc7 Kh8 37. Qxf7 Raa2 38. Nf4 Rxc3+ 0-1

[Event "Baku Summer IM"]
[Site "Baku"]
[Date "2019.07.04"]
[Round "3.3"]
[White "Sevdimaliyev, Urfan"]
[Black "Afshari, Mohammadparsa"]
[Result "1-0"]
[WhiteElo "2370"]
[BlackElo "1615"]
[PlyCount "30"]
[EventDate "2019.07.03"]
[EventType "team-schev"]
[EventRounds "9"]
[EventCountry "AZE"]
[SourceTitle "CBM 191 Extra"]
[Source "ChessBase"]
[SourceDate "2019.09.30"]
[SourceVersion "1"]
[SourceVersionDate "2019.09.30"]
[SourceQuality "1"]
[WhiteTeam "Experts"]
[BlackTeam "Shatranj"]
[WhiteTeamCountry "AZE"]
[BlackTeamCountry "AZE"]

1. e4 c5 2. Nf3 d6 3. d4 cxd4 4. Nxd4 Nf6 5. Nc3 e5 6. Bb5+ Bd7 7. Bxd7+ Qxd7 8. Nde2 h6 9. f3 Nc6 10. Be3 Be7 11. Qd2 0-0-0 12. 0-0-0 Ne8 13. Nd5 Kb8 14. Nec3 g5 15. Nb5 a6 1-0